Cơ sở hóa sinh Dùng cho sinh viên ngành KHTN
Giới thiệu về logic phân tử của sự sống; tế bào và cấu trúc tế bào; Thành phần hóa học của cơ thể sống và vai trò của nước trong quá trình sống. Nghiên cứu về cacbonhydrat; lipit; Protein; axit nucleic; các chất xúc tác sinh học; hoocmon; các chất trợ sinh. Đề cập đến sự trao đổi chất; trao đổi glux...
Đã lưu trong:
| Tác giả chính: | |
|---|---|
| Định dạng: | Sách |
| Ngôn ngữ: | Vietnamese |
| Năm xuất bản: |
Hà Nội
Giáo dục Việt Nam
2009
|
| Phiên bản: | Tái bản lần 3 |
| Chủ đề: | |
| Truy cập Trực tuyến: | Trang bìa - Mục lục - |
| Tags: |
Thêm thẻ
Không có thẻ, Hãy là người đầu tiên gắn thẻ bản ghi này!
|
| LEADER | 03677nam a2200433 a 4500 | ||
|---|---|---|---|
| 001 | vtls000032928 | ||
| 003 | VRT | ||
| 005 | 20161008201023.0 | ||
| 008 | 110610s2009 vm 00 vie d | ||
| 039 | 9 | |a 201110101334 |b luuthiha | |
| 040 | |a TVTTHCM | ||
| 082 | 0 | 4 | |a 572 |b TR312L |
| 100 | 1 | |a Trịnh Lê Hùng | |
| 245 | 1 | 0 | |a Cơ sở hóa sinh |c Trịnh Lê Hùng |b Dùng cho sinh viên ngành KHTN |
| 250 | |a Tái bản lần 3 | ||
| 260 | |a Hà Nội |b Giáo dục Việt Nam |c 2009 | ||
| 300 | |a 211 tr. |c 27 cm | ||
| 520 | |a Giới thiệu về logic phân tử của sự sống; tế bào và cấu trúc tế bào; Thành phần hóa học của cơ thể sống và vai trò của nước trong quá trình sống. Nghiên cứu về cacbonhydrat; lipit; Protein; axit nucleic; các chất xúc tác sinh học; hoocmon; các chất trợ sinh. Đề cập đến sự trao đổi chất; trao đổi gluxit; trao đổi lipit, trao đổi protein, trao đổi axit nucleic. | ||
| 521 | |a Dùng cho sinh viên ngành Khoa học Tự nhiên. | ||
| 650 | 0 | |a Biochemistry. | |
| 653 | |a Hóa sinh | ||
| 856 | 4 | 1 | |z Trang bìa - |u http://opac.vnulib.edu.vn/multim/cover/32928.jpg |
| 856 | 4 | 1 | |z Mục lục - |u http://opac.vnulib.edu.vn/multim/toc/32928.pdf |
| 900 | |a D10 M10 Y11 | ||
| 942 | |2 ddc |c STK0 | ||
| 949 | |6 100053169 | ||
| 949 | |6 100053170 | ||
| 999 | |c 282 |d 282 | ||
| 952 | |0 0 |1 0 |2 ddc |4 0 |6 572_000000000000000_TR312L |7 1 |8 500 |9 5046 |a qbu |b qbu |c D3 |d 2014-12-10 |g 31000 |o 572 TR312L |p 40.c1 |r 0000-00-00 |w 2014-11-14 |y STK0 |0 0 |6 572_000000000000000_TR312L | ||
| 952 | |0 0 |1 0 |2 ddc |4 0 |6 572_000000000000000_TR312L |7 0 |8 500 |9 5047 |a qbu |b qbu |c D3 |d 2014-12-10 |g 31000 |o 572 TR312L |p 40.c2 |r 0000-00-00 |w 2014-11-14 |y STK0 |0 0 |6 572_000000000000000_TR312L |0 0 |6 572_000000000000000_TR312L | ||
| 952 | |0 0 |1 0 |2 ddc |4 0 |6 572_000000000000000_TR312L |7 0 |8 500 |9 5048 |a qbu |b qbu |c D3 |d 2014-12-10 |g 31000 |o 572 TR312L |p 40.c3 |r 0000-00-00 |w 2014-11-14 |y STK0 |0 0 |6 572_000000000000000_TR312L |0 0 |6 572_000000000000000_TR312L | ||
| 952 | |0 0 |1 0 |2 ddc |4 0 |6 572_000000000000000_TR312L |7 0 |8 500 |9 5049 |a qbu |b qbu |c D3 |d 2014-12-10 |g 31000 |o 572 TR312L |p 40.c4 |r 0000-00-00 |w 2014-11-14 |y STK0 |0 0 |6 572_000000000000000_TR312L |0 0 |6 572_000000000000000_TR312L | ||
| 952 | |0 0 |1 0 |2 ddc |4 0 |6 572_000000000000000_TR312L |7 0 |8 500 |9 5050 |a qbu |b qbu |c D3 |d 2014-12-10 |g 31000 |o 572 TR312L |p 40.c5 |r 0000-00-00 |w 2014-11-14 |y STK0 |0 0 |6 572_000000000000000_TR312L |0 0 |6 572_000000000000000_TR312L | ||
| 952 | |0 0 |1 0 |2 ddc |4 0 |6 572_000000000000000_TR312L |7 0 |8 500 |9 5051 |a qbu |b qbu |c D3 |d 2014-12-10 |g 31000 |o 572 TR312L |p 40.c6 |r 0000-00-00 |w 2014-11-14 |y STK0 |0 0 |6 572_000000000000000_TR312L |0 0 |6 572_000000000000000_TR312L | ||
| 952 | |0 0 |1 0 |2 ddc |4 0 |6 572_000000000000000_TR312L |7 0 |8 500 |9 5052 |a qbu |b qbu |c D3 |d 2014-12-10 |g 31000 |o 572 TR312L |p 40.c7 |r 0000-00-00 |w 2014-11-14 |y STK0 |0 0 |6 572_000000000000000_TR312L |0 0 |6 572_000000000000000_TR312L | ||
| 952 | |0 0 |1 0 |2 ddc |4 0 |6 572_000000000000000_TR312L |7 0 |8 500 |9 5053 |a qbu |b qbu |c D3 |d 2014-12-10 |g 31000 |o 572 TR312L |p 40.c8 |r 0000-00-00 |w 2014-11-14 |y STK0 |0 0 |6 572_000000000000000_TR312L |0 0 |6 572_000000000000000_TR312L | ||
| 952 | |0 0 |1 0 |2 ddc |4 0 |6 572_000000000000000_TR312L |7 0 |8 500 |9 5054 |a qbu |b qbu |c D3 |d 2014-12-10 |g 31000 |o 572 TR312L |p 40.c9 |r 0000-00-00 |w 2014-11-14 |y STK0 |0 0 |6 572_000000000000000_TR312L |0 0 |6 572_000000000000000_TR312L | ||
| 952 | |0 0 |1 0 |2 ddc |4 0 |6 572_000000000000000_TR312L |7 0 |8 500 |9 5055 |a qbu |b qbu |c D3 |d 2014-12-10 |g 31000 |o 572 TR312L |p 40.c10 |r 0000-00-00 |w 2014-11-14 |y STK0 |0 0 |6 572_000000000000000_TR312L |0 0 |6 572_000000000000000_TR312L | ||
| 952 | |0 0 |1 0 |2 ddc |4 0 |6 572_000000000000000_TR312L |7 0 |8 500 |9 107624 |a qbu |b qbu |c D3 |d 2016-06-16 |g 31000 |o 572 TR312L |p 40.c11 |r 0000-00-00 |w 2016-06-16 |y STK0 |0 0 |6 572_000000000000000_TR312L | ||